Загрузка...
സമീക്ഷ (Sameeksha)
| Главный автор: | |
|---|---|
| Формат: | Printed Book |
| Опубликовано: |
Cochin:
Pranatha,
2003.
|
| Редактирование: | 1 |
| Предметы: |
| LEADER | 00507cam a2200157ua 4500 | ||
|---|---|---|---|
| 999 | |c 6473 |d 6473 | ||
| 020 | |a 81-88810-00-2 | ||
| 082 | |a M894.8124 |b RAD/S | ||
| 100 | 0 | |a രാധാകൃഷ്ണൻ, കെ,എസ് (Radhakrishnan,K.S) | |
| 245 | 1 | 0 | |a സമീക്ഷ (Sameeksha) |
| 250 | |a 1 | ||
| 260 | |a Cochin: |b Pranatha, |c 2003. | ||
| 300 | |a 88p. | ||
| 650 | |a Malayalam essays | ||
| 942 | |c BK | ||
| 952 | |0 0 |1 0 |4 0 |6 M_894_812400000000000_RAD_S |7 0 |9 6805 |a KUCL |c M |d 2014-05-23 |l 0 |o M894.8124 RAD/S |p 11660 |r 2014-05-23 |y BK | ||